000 00646cam a2200217 4500500
005 20260405001752.0
041 _afre
042 _adc
100 1 0 _aRogé, Antoine
_eauthor
245 0 0 _aMarcos Nobre: « La révolte populaire redonne sa noblesse au foot »
260 _c2014.
500 _a73
690 _aBrésil
690 _aDilma Rousseff
690 _aFoot
690 _aFootball
690 _aLula
690 _aMarcos Nobre
786 0 _nPhilosophie magazine | 81 | 7 | 2014-07-01 | p. 3-3 | 1951-1787
856 4 1 _uhttps://shs.cairn.info/magazine-philosophie-magazine-2014-7-page-3?lang=fr&redirect-ssocas=7080
999 _c2050902
_d2050902